Pierwsza „30” Pucharu Świata wszech czasów - Statystyki

Ogólne statystyki
  • Ten quiz został rozwiązany 318 razy
  • Średni wynik to 10 z 20
Statystyki odpowiedzi
Miejsce Kraj Liczba Imię i nazwisko % Poprawnych
6 Polska 302 Kamil Stoch
96%
5 Polska 307 Adam Małysz
93%
1 Japonia 462 Noriaki Kasai
89%
2 Szwajcaria 367 Simon Ammann
86%
3 Finlandia 356 Janne Ahonen
85%
10 Austria 243 Gregor Schlierenzauer
65%
10 Słowenia 243 Peter Prevc
64%
18 Czechy 230 Jakub Janda
61%
15 Austria 237 Thomas Morgenstern
58%
14 Niemcy 238 Martin Schmitt
51%
8 Austria 250 Andreas Goldberger
45%
16 Norwegia 235 Anders Bardal
38%
12 Austria 240 Andreas Kofler
37%
12 Japonia 240 Daiki Ito
36%
9 Finlandia 246 Matti Hautamaki
33%
4 Austria 309 Wolfgang Loitzl
30%
7 Norwegia 269 Roar Ljokelsoy
22%
19 Austria 226 Andreas Widholzl
21%
17 Austria 233 Martin Hollwarth
14%
20 Niemcy 218 Michael Neumayer
12%
Nie znaleziono quizów pasujących do podanych kryteriów
Rozkład punktacji
Procent ludzi z każdym wynikiem
Percentyl według liczby udzielonych odpowiedzi
Twoja historia wyników
Nie rozwiązałeś tego quizu